| Поле | Инд. | ПП | Название | Значение |
|---|---|---|---|---|
| Тип записи | a | |||
| Библиографический уровень | m | |||
| 001 | Контрольный номер | 65306fe9-1bde-4de0-967c-3155fc2a4bea | ||
| 005 | Дата корректировки | 20140226222419.9 | ||
| 008 | Кодируемые данные | 010120 d | ||
| 020 | a | ISBN | 5-02-015278-1 | |
| c | Цена, тираж | 33.00 | ||
| 040 | a | Служба первич. каталог. | НБ ТвГУ | |
| 041 | a | Код языка текста | rus | |
| 080 | a | Индекс УДК | 530.1(075.8) | |
| a | Индекс УДК | 531.19(075.8) | ||
| 084 | a | Индекс другой классификации/Индекс ББК | В31я731-1 | |
| a | Индекс другой классификации/Индекс ББК | В317.2я731-1 | ||
| 090 | x | Авторский знак | Л22 | |
| a | Полочн. индекс | В31 | ||
| 100 | 1_ | a | Автор | Ландау Лев Давидович |
| n | ч. 2 | |||
| t | Теория конденсированного состояния | |||
| 245 | 10 | a | Заглавие | Теоретическая физика |
| n | Номер части/ раздела | Т. 9 | ||
| p | Название части/ раздела | Статистическая физика : [В 2 ч.]. Ч. 2: Теория конденсированного состояния / Е. М. Лифшиц и Л. П. Питаевский - 2-е изд., испр. и доп. | ||
| b | Продолж. заглавия | Учеб. пособие для студентов физ. спец. ун-тов | ||
| c | Ответственность | Л. Д. Ландау и Е. М. Лифшиц | ||
| 260 | 0_ | a | Место издания | Москва |
| b | Издательство | Физматлит | ||
| c | Дата издания | 2000 | ||
| 300 | a | Объем | 493 с. | |
| 440 | a | Серия | Теорет. физика : В 10 т. | |
| 490 | _0 | v | N тома | Т. 9 |
| 504 | a | Библиография | Предм. указ.: с.492-493. | |
| 583 | a | Действие | Получение впервые 457 25.12.2000 | |
| k | Исполнитель действия | Дар РГГУ | ||
| 650 | a | Основная рубрика | Физика теоретическая | |
| 650 | a | Основная рубрика | Статистическая физика | |
| 650 | a | Основная рубрика | Конденсированные системы | |
| x | Основная подрубрика | Учебники для вузов | ||
| 653 | a | Ключевые слова | Теоретическая физика | |
| a | Ключевые слова | Статистическая физика | ||
| a | Ключевые слова | Конденсированное состояние | ||
| a | Ключевые слова | Теория конденсированного состояния | ||
| 700 | 1_ | a | Другие авторы | Лифшиц Евгений Михайлович |
| 700 | 1_ | a | Другие авторы | Питаевский Лев Петрович |
| e | Роль лиц | авт. | ||
| 852 | t | Порядковый номер экземпляра | 1 | |
| p | Инвентарный номер | 730714 | ||
| 888 | a | Бесплатные | ||
| 930 | a | Новая/Ретро | учебники | |
| 952 | p | 457.2000 33.00 1 730714 | ||
| c | Вид литературы | К ру | ||
| 954 | a | Дата поступления на обработку | 20001227 | |
| 999 | a | Подразделение 2 | Фил3 |